LA MUERTE DE VIRGILIO/

TRADUCCION DE: DER TOD DES VERGIL

Guardat en:
Dades bibliogràfiques
Autor principal: Broch, Hermann (autor)
Format: Llibre
Col·lecció:(Alianza Tres ; 55)
Matèries:
Etiquetes: Afegir etiqueta
Sense etiquetes, Sigues el primer a etiquetar aquest registre!

MARC

LEADER 00000nam^a2200000^a^4500
001 000224116
005 20250521000000.0
009 20260310104038.009
020 |a 84-206-3055-1 
035 |a 043009 
037 |a Acervo Xavier Clavigero 
082 |a 833.  |b BRO 
100 |a Broch, Hermann  |e (autor) 
245 1 3 |a LA MUERTE DE VIRGILIO/  |c HERMANN BROCH; TR. A. GREGORI 
264 |a MADRID :  |b ALIANZA,  |c 1980 
300 |a 489p. 
336 |a texto  |b txt  |2 rdacontenido 
337 |a sin mediación  |b n  |2 rdamedio 
338 |a volumen  |b nc  |2 rdasoporte 
440 |a (Alianza Tres ;  |v 55) 
520 |a TRADUCCION DE: DER TOD DES VERGIL 
649 |a XX 
650 |a Novela Austríaca 
650 |a Literatura Austríaca 
910 |a Fondo General 
920 |a Impresos - Libros 
930 |a Colección General 
940 |a Literatura 
905 |a 101 
901 |a 043009  |b IT1  |c LIT  |i 043009  |u 20250521 
902 |a https://opac.biblio.iteso.mx/vufind/Record/000224116